000 00578nam a22002052 4500
001 0000019208
005 20151217152148.0
008 101021s xx 000 0 eng d
020 _a0077117069 :
040 _aKABU
_cKABU
245 1 0 _aMarketing research /
_cEric Shiu ... [et al.].
250 _a1st ed.
260 _aLondon :
_bMcGraw-Hill,
_c2009.
300 _axxv, 774 p.
650 0 _aMarketing research.
_@0000151518
700 1 _aShiu, Eric.
_@0000178848
852 1 _9p1755 KES
908 _a101021
950 _@1
999 _c8875
_d8875